书目信息 |
| 书名: | Bad Day in Blackrock | |
| 作者: | Kevin Power | |
| 分册号: | ||
| 分册名: | 出版地: | UK |
|
| 出版社: | Pocket Books | |
| 出版时间: | 2008 | |
| 页数: | 235P | |
| 开本: | 23CM | |
| 丛书名: | ||
| 中图分类号: | ||
| 科图分类号: | ||
| 其他分类号: | I561.4 | |
| 主题词: | ||
| 电子资源: | ||
| 000 | 00377nam0 2200145 450 | |
| 001 | 202012002491 | |
| 005 | 20121128100306.0 | |
| 008 | 12112801s | |
| 020 | @a9781849833202@c$7.99 | |
| 099 | @dI561.4@eK439 | |
| 245 | 10 | @aBad Day in Blackrock @cKevin Power |
| 260 | 0 | @aUK@bPocket Books@c2008 |
| 300 | @a235P@c23CM | |
| 905 | @b13053-4 | |
| 905 | @aTSG@dI561.4@eK439 | |
| Bad Day in Blackrock / Kevin Power .-UK : Pocket Books , 2008 |
| 235P ; 23CM |
| ISBN 9781849833202$7.99 |
| ● |
| 相关链接 |
|
|
|
正题名:Bad Day in Blackrock
索取号:I561.4/K439
 
预约/预借
| 序号 | 登录号 | 条形码 | 馆藏地/架位号 | 状态 | 备注 |
| 1 | 13053 | 300130533 | 文学库116/400A自科库 16排3列2层/ [索取号:I561.4/K439] | 在馆 | |
| 2 | 13054 | 300130542 | 文学库116/400A自科库 16排3列2层/ [索取号:I561.4/K439] | 在馆 |